Isaiah / (Record no. 651)

MARC details
000 -LEADER
fixed length control field 01018cam a22002894a 4500
001 - CONTROL NUMBER
control field 12769690
003 - CONTROL NUMBER IDENTIFIER
control field GBCCL
005 - DATE AND TIME OF LATEST TRANSACTION
control field 20241126110343.0
008 - FIXED-LENGTH DATA ELEMENTS--GENERAL INFORMATION
fixed length control field 020509s2002 tnu b 000 0 eng
010 ## -
-- 2002071201
020 ## - INTERNATIONAL STANDARD BOOK NUMBER
International Standard Book Number 0805494731
040 ## - CATALOGING SOURCE
Original cataloging agency DLC
Transcribing agency DLC
Modifying agency DLC
042 ## -
-- pcc
050 00 -
-- BS1515.3
-- .B877 2002
082 00 - DEWEY DECIMAL CLASSIFICATION NUMBER
Classification number 221.7
Edition information 21
Item number HOL
100 1# - MAIN ENTRY--PERSONAL NAME
Personal name Butler, Trent C.
245 10 - TITLE STATEMENT
Title Isaiah /
Statement of responsibility, etc. Trent C. Butler.
260 ## - PUBLICATION, DISTRIBUTION, ETC.
Place of publication, distribution, etc. Nashville, Tenn. :
Name of publisher, distributor, etc. Broadman & Holman,
Date of publication, distribution, etc. c2002.
300 ## - PHYSICAL DESCRIPTION
Extent xii, 387 p. ;
Dimensions 25 cm.
440 #0 - SERIES STATEMENT/ADDED ENTRY--TITLE
Title Holman Old Testament commentary
504 ## - BIBLIOGRAPHY, ETC. NOTE
Bibliography, etc. note Includes bibliographical references (p. 385-387).
630 00 - SUBJECT ADDED ENTRY--UNIFORM TITLE
Uniform title Bible.
Name of part/section of a work Isaiah
Form subdivision Commentaries.
856 42 - ELECTRONIC LOCATION AND ACCESS
Materials specified Publisher description
Uniform Resource Identifier <a href="http://www.loc.gov/catdir/enhancements/fy1003/2002071201-d.html">http://www.loc.gov/catdir/enhancements/fy1003/2002071201-d.html</a>
906 ## - LOCAL DATA ELEMENT F, LDF (RLIN)
a 7
b cbc
c orignew
d 1
e ocip
f 20
g y-gencatlg
942 ## - ADDED ENTRY ELEMENTS (KOHA)
Source of classification or shelving scheme Dewey Decimal Classification
Koha item type Reference Books
Holdings
Withdrawn status Lost status Source of classification or shelving scheme Damaged status Not for loan Home library Current Library Shelving location Date acquired Total checkouts Full call number Barcode Date last seen Copy number Price effective from Koha item type Source of acquisition Cost, normal purchase price Cost, replacement price
    Dewey Decimal Classification     GRACE BIBLE COLLEGE GRACE BIBLE COLLEGE Commentary 2017-01-11   221.7 HOL 012476 2025-05-01 v.15 c.1 2017-01-11 Reference Books      
    Dewey Decimal Classification     GRACE BIBLE COLLEGE GRACE BIBLE COLLEGE Commentary 2018-10-01   221.7 HOL 014862 2025-05-01 v.15 c.2 2018-10-01 Reference Books 7 1050.00 1400.00
© Grace Bible College Library 2025